| 000 | nam a22 a 4500 | ||
|---|---|---|---|
| 999 |
_c3447 _d3447 |
||
| 003 | AKMAL | ||
| 005 | 20170523085826.0 | ||
| 008 | 170523s19811985-us 00 eng d | ||
| 020 |
_a007y665524 (pbk.): _cUSD 60.17 |
||
| 040 |
_aAKMAL _cAKMAL |
||
| 082 | 0 | 4 | _a658.5036 SCH |
| 090 |
_a658.5036 _bSCH |
||
| 100 | 1 |
_aSchroeder, Roger G. _96932 |
|
| 245 | 1 | 0 |
_aOperations management : _bDecision Making In The Operations Function _cRoger G. Schroeder |
| 250 | _a2nd ed | ||
| 260 |
_aBoston, MA : _bIrwin McGraw-Hill, _c1985 |
||
| 300 |
_a770p _bill. (some col.) ; _c24cm + _e1 CD-ROM |
||
| 500 | _aIncludes index | ||
| 650 | 0 |
_aProduction management _96933 |
|
| 650 | 0 |
_aProduction management _xCase studies _96934 |
|
| 942 |
_2ddc _cLAW |
||